| 000 | 00333nam a22001217a 4500 | ||
|---|---|---|---|
| 082 |
_a000 _bLAU/C |
||
| 100 | _aCAREER LAUNCHER | ||
| 245 |
_aSAMPLE QUESTION PAPERS COMPUTER SCIENCE _bCBSE CLASS XII |
||
| 260 |
_aDELHI _bOSWAAL PUBLICATIONS _c2009 |
||
| 300 | _a140 | ||
| 650 |
_aSC SAMPLE QUESTION PAPERS FOR CLASS XII _zINDIA |
||
| 942 | _cBK | ||
| 999 |
_c579 _d579 |
||